[Event "DEM U16w 2024"]
[Site "Willingen GER"]
[Date "2024.05.19"]
[Round "2"]
[White "Englert, Lin"]
[Black "Junge, Julia Marie"]
[Result "1/2-1/2"]
[Termination "normal"]
[Board "13"]
[WhiteElo "1725"]
[BlackElo "1659"]
[WhiteClock "00:20:53"]
[BlackClock "00:16:47"]
[PlyCount "94"]
[WhiteFideId "16226410"]
[BlackFideId "16293908"]
[EventCountry "GER"]
[EventRounds "9"]
[EventType "swiss"]
[EventDate "2024.05.18"]

1. d4 {[%clk 01:30:58]} {[%emt 00:00:02]} Nf6 {[%clk 01:30:52]} {[%emt
00:00:08]} 2. c4 {[%clk 01:31:22]} {[%emt 00:00:06]} e6 {[%clk 01:31:01]}
{[%emt 00:00:21]} 3. Nc3 {[%clk 01:31:24]} {[%emt 00:00:28]} d5 {[%clk
01:31:04]} {[%emt 00:00:27]} 4. cxd5 {[%clk 01:31:30]} {[%emt 00:00:24]} Nxd5
{[%clk 01:31:25]} {[%emt 00:00:08]} 5. e4 {[%clk 01:31:47]} {[%emt 00:00:13]}
Nxc3 {[%clk 01:31:14]} {[%emt 00:00:41]} 6. bxc3 {[%clk 01:32:15]} {[%emt
00:00:02]} c5 {[%clk 01:31:30]} {[%emt 00:00:14]} 7. Nf3 {[%clk 01:31:08]}
{[%emt 00:01:37]} cxd4 {[%clk 01:29:56]} {[%emt 00:02:04]} 8. cxd4 {[%clk
01:30:30]} {[%emt 00:01:08]} Bb4+ {[%clk 01:29:33]} {[%emt 00:00:53]} 9. Bd2
{[%clk 01:30:49]} {[%emt 00:00:11]} Bxd2+ {[%clk 01:26:26]} {[%emt 00:03:37]}
10. Qxd2 {[%clk 01:29:11]} {[%emt 00:02:07]} O-O {[%clk 01:26:00]} {[%emt
00:00:56]} 11. Bc4 {[%clk 01:27:15]} {[%emt 00:02:26]} Nd7 {[%clk 01:25:09]}
{[%emt 00:01:22]} 12. O-O {[%clk 01:27:08]} {[%emt 00:00:37]} b6 {[%clk
01:25:19]} {[%emt 00:00:20]} 13. Rac1 {[%clk 01:22:20]} {[%emt 00:05:17]} Bb7
{[%clk 01:23:17]} {[%emt 00:02:32]} 14. Bd3 {[%clk 01:19:59]} {[%emt 00:02:51]}
Qe7 {[%clk 01:20:47]} {[%emt 00:03:00]} 15. Rc7 {[%clk 01:18:29]} {[%emt
00:01:59]} Bc8 {[%clk 01:16:29]} {[%emt 00:04:49]} 16. Qc3 {[%clk 01:14:19]}
{[%emt 00:04:39]} Rd8 {[%clk 01:09:13]} {[%emt 00:07:46]} 17. e5 {[%clk
01:13:50]} {[%emt 00:00:59]} Qf8 {[%clk 01:04:00]} {[%emt 00:05:44]} 18. Be4
{[%clk 01:11:59]} {[%emt 00:02:20]} Rb8 {[%clk 00:50:15]} {[%emt 00:14:16]} 19.
Rxa7 {[%clk 01:09:27]} {[%emt 00:03:02]} b5 {[%clk 00:40:13]} {[%emt 00:10:32]}
20. Rc1 {[%clk 01:06:09]} {[%emt 00:03:47]} Rb6 {[%clk 00:37:03]} {[%emt
00:03:40]} 21. Qa3 {[%clk 00:56:39]} {[%emt 00:10:00]} Qxa3 {[%clk 00:35:45]}
{[%emt 00:01:48]} 22. Rxa3 {[%clk 00:57:07]} {[%emt 00:00:02]} Bb7 {[%clk
00:33:56]} {[%emt 00:02:19]} 23. Bxb7 {[%clk 00:57:13]} {[%emt 00:00:24]} Rxb7
{[%clk 00:34:08]} {[%emt 00:00:17]} 24. Rac3 {[%clk 00:57:19]} {[%emt
00:00:23]} h6 {[%clk 00:32:18]} {[%emt 00:02:22]} 25. Rc8 {[%clk 00:54:53]}
{[%emt 00:02:56]} Rxc8 {[%clk 00:31:57]} {[%emt 00:00:52]} 26. Rxc8+ {[%clk
00:55:21]} {[%emt 00:00:02]} Kh7 {[%clk 00:32:12]} {[%emt 00:00:14]} 27. Rc2
{[%clk 00:54:55]} {[%emt 00:00:55]} Nb6 {[%clk 00:31:13]} {[%emt 00:01:30]} 28.
Kf1 {[%clk 00:55:04]} {[%emt 00:00:20]} Kg6 {[%clk 00:30:22]} {[%emt 00:01:20]}
29. Ke2 {[%clk 00:53:46]} {[%emt 00:01:49]} Kf5 {[%clk 00:30:02]} {[%emt
00:00:50]} 30. Nd2 {[%clk 00:48:38]} {[%emt 00:05:38]} Nd5 {[%clk 00:29:12]}
{[%emt 00:01:20]} 31. f3 {[%clk 00:46:11]} {[%emt 00:02:57]} h5 {[%clk
00:28:00]} {[%emt 00:01:42]} 32. Ne4 {[%clk 00:45:18]} {[%emt 00:01:23]} Ra7
{[%clk 00:25:27]} {[%emt 00:03:04]} 33. Nd6+ {[%clk 00:43:50]} {[%emt
00:01:58]} Kg5 {[%clk 00:24:59]} 34. Nxb5 {[%clk 00:43:22]} {[%emt 00:01:57]}
Ra5 {[%clk 00:24:31]} 35. Nd6 {[%clk 00:42:03]} {[%emt 00:02:47]} f6 {[%emt
00:06:49]} 36. g3 {[%clk 00:35:27]} {[%emt 00:01:14]} Nb4 {[%clk 00:22:42]}
{[%emt 00:01:53]} 37. Rd2 {[%clk 00:29:47]} {[%emt 00:06:09]} Nxa2 {[%clk
00:22:17]} {[%emt 00:00:55]} 38. Nc4 {[%clk 00:29:17]} {[%emt 00:01:00]} Ra4
{[%clk 00:22:00]} {[%emt 00:00:47]} 39. Ne3 {[%clk 00:28:40]} {[%emt 00:01:05]}
Nc1+ {[%clk 00:21:55]} {[%emt 00:00:37]} 40. Kf2 {[%clk 00:28:04]} {[%emt
00:01:06]} Nb3 {[%clk 00:21:48]} {[%emt 00:00:37]} 41. f4+ {[%clk 00:27:30]}
{[%emt 00:01:04]} Kg6 {[%clk 00:19:17]} {[%emt 00:03:01]} 42. Rd1 {[%clk
00:24:55]} {[%emt 00:03:05]} Nxd4 {[%clk 00:18:55]} {[%emt 00:00:52]} 43. exf6
{[%clk 00:25:03]} {[%emt 00:00:21]} gxf6 {[%clk 00:19:06]} {[%emt 00:00:19]}
44. Rd2 {[%clk 00:22:59]} {[%emt 00:02:34]} Nf5 {[%clk 00:18:19]} {[%emt
00:01:17]} 45. Nxf5 {[%clk 00:21:12]} {[%emt 00:02:17]} Kxf5 {[%clk 00:18:40]}
{[%emt 00:00:09]} 46. Re2 {[%clk 00:20:45]} {[%emt 00:00:56]} Re4 {[%clk
00:17:56]} {[%emt 00:01:15]} 47. Ra2 {[%clk 00:20:53]} {[%emt 00:00:21]} Rb4
{[%clk 00:16:47]} {[%emt 00:01:39]} 1/2-1/2

[Event "DEM U16w 2024"]
[Site "Willingen GER"]
[Date "2024.05.19"]
[Round "2"]
[White "Lorenz, Rebecca"]
[Black "Fetahovic, Sarah"]
[Result "0-1"]
[Termination "normal"]
[Board "14"]
[WhiteElo "1460"]
[BlackElo "1761"]
[WhiteClock "00:14:31"]
[BlackClock "00:11:40"]
[PlyCount "108"]
[WhiteFideId "34610944"]
[BlackFideId "34601546"]
[EventCountry "GER"]
[EventRounds "9"]
[EventType "swiss"]
[EventDate "2024.05.18"]

1. e4 {[%clk 01:30:58]} {[%emt 00:00:01]} e5 {[%clk 01:30:50]} {[%emt
00:00:10]} 2. Nf3 {[%clk 01:31:20]} {[%emt 00:00:06]} Nc6 {[%clk 01:31:08]}
{[%emt 00:00:14]} 3. Bc4 {[%clk 01:31:40]} {[%emt 00:00:10]} Bc5 {[%clk
01:31:06]} {[%emt 00:00:31]} 4. Nc3 {[%clk 01:31:42]} {[%emt 00:00:29]} Nf6
{[%clk 01:30:36]} {[%emt 00:01:00]} 5. d3 {[%clk 01:31:27]} {[%emt 00:00:44]}
d6 {[%clk 01:29:45]} {[%emt 00:01:21]} 6. Be3 {[%clk 01:30:11]} {[%emt
00:01:47]} Bb6 {[%clk 01:23:18]} {[%emt 00:06:57]} 7. Bxb6 {[%clk 01:25:38]}
{[%emt 00:05:03]} axb6 {[%clk 01:22:44]} {[%emt 00:01:04]} 8. a3 {[%clk
01:21:48]} {[%emt 00:04:20]} h6 {[%clk 01:06:15]} {[%emt 00:16:59]} 9. O-O
{[%clk 01:11:49]} {[%emt 00:10:30]} Bg4 {[%clk 01:02:25]} {[%emt 00:04:19]} 10.
Re1 {[%clk 00:56:05]} {[%emt 00:16:14]} Nd4 {[%clk 00:56:31]} {[%emt 00:06:24]}
11. h3 {[%clk 00:48:16]} {[%emt 00:08:18]} Bxf3 {[%clk 00:41:15]} {[%emt
00:15:47]} 12. gxf3 {[%clk 00:45:38]} {[%emt 00:03:07]} Nh5 {[%clk 00:40:15]}
{[%emt 00:01:29]} 13. Re3 {[%clk 00:37:05]} {[%emt 00:09:03]} Nf4 {[%clk
00:32:51]} {[%emt 00:07:54]} 14. Rc1 {[%clk 00:30:37]} {[%emt 00:06:59]} Qg5+
{[%clk 00:19:18]} {[%emt 00:14:03]} 15. Kf1 {[%clk 00:28:02]} {[%emt 00:03:04]}
Qg2+ {[%clk 00:17:13]} {[%emt 00:02:36]} 16. Ke1 {[%clk 00:27:38]} {[%emt
00:00:53]} Qg1+ {[%clk 00:13:48]} {[%emt 00:03:55]} 17. Kd2 {[%clk 00:27:26]}
{[%emt 00:00:41]} Qxf2+ {[%clk 00:13:39]} {[%emt 00:00:39]} 18. Ne2 {[%clk
00:24:19]} {[%emt 00:03:36]} Nxf3+ {[%clk 00:13:54]} {[%emt 00:00:16]} 19. Rxf3
{[%clk 00:23:32]} {[%emt 00:01:17]} Qxf3 {[%clk 00:14:07]} {[%emt 00:00:18]}
20. Qf1 {[%clk 00:22:34]} {[%emt 00:01:26]} Qxh3 {[%clk 00:11:18]} {[%emt
00:03:21]} 21. Qxh3 {[%clk 00:22:34]} {[%emt 00:00:29]} Nxh3 {[%clk 00:11:44]}
{[%emt 00:00:05]} 22. d4 {[%clk 00:21:29]} {[%emt 00:01:35]} Nf4 {[%clk
00:10:20]} {[%emt 00:01:53]} 23. dxe5 {[%clk 00:19:27]} {[%emt 00:02:31]} Nxe2
{[%clk 00:09:28]} {[%emt 00:01:23]} 24. Kxe2 {[%clk 00:19:25]} {[%emt
00:00:32]} dxe5 {[%clk 00:09:47]} {[%emt 00:00:10]} 25. Ra1 {[%clk 00:18:39]}
{[%emt 00:01:16]} h5 {[%clk 00:09:58]} {[%emt 00:00:19]} 26. Bd5 {[%clk
00:18:08]} {[%emt 00:01:01]} c6 {[%clk 00:10:08]} {[%emt 00:00:20]} 27. Bc4
{[%clk 00:18:29]} {[%emt 00:00:09]} h4 {[%clk 00:10:28]} {[%emt 00:00:10]} 28.
Rf1 {[%clk 00:17:58]} {[%emt 00:01:01]} f6 {[%clk 00:10:42]} {[%emt 00:00:16]}
29. Kf3 {[%clk 00:17:50]} {[%emt 00:00:38]} Ke7 {[%clk 00:10:30]} {[%emt
00:00:41]} 30. Kg4 {[%clk 00:17:42]} h3 {[%clk 00:10:16]} {[%emt 00:01:22]} 31.
Kf5 {[%clk 00:17:43]} {[%emt 00:00:23]} h2 {[%clk 00:10:24]} {[%emt 00:00:28]}
32. Rh1 {[%clk 00:18:09]} {[%emt 00:00:05]} Rh5+ {[%clk 00:09:14]} {[%emt
00:01:39]} 33. Kg4 {[%clk 00:15:52]} Rah8 {[%clk 00:08:50]} {[%emt 00:03:41]}
34. Kf3 {[%clk 00:15:08]} {[%emt 00:01:14]} Rg5 {[%clk 00:08:06]} {[%emt
00:01:14]} 35. Kf2 {[%clk 00:15:02]} {[%emt 00:00:36]} g6 {[%clk 00:08:02]}
{[%emt 00:00:35]} 36. b3 {[%clk 00:14:49]} {[%emt 00:00:43]} f5 {[%clk
00:08:24]} {[%emt 00:00:09]} 37. exf5 {[%clk 00:15:08]} {[%emt 00:00:10]} gxf5
{[%clk 00:08:42]} {[%emt 00:00:11]} 38. a4 {[%clk 00:15:30]} {[%emt 00:00:08]}
e4 {[%clk 00:08:41]} {[%emt 00:00:31]} 39. Ke3 {[%clk 00:15:17]} {[%emt
00:00:43]} Rg1 {[%clk 00:09:02]} {[%emt 00:00:10]} 40. Rxh2 {[%clk 00:15:15]}
{[%emt 00:00:32]} Rxh2 {[%clk 00:09:24]} {[%emt 00:00:08]} 41. Kf4 {[%clk
00:15:19]} {[%emt 00:00:26]} Rf2+ {[%clk 00:09:42]} {[%emt 00:00:13]} 42. Ke3
{[%clk 00:15:09]} {[%emt 00:00:40]} Rf3+ {[%clk 00:10:02]} {[%emt 00:00:10]}
43. Kd2 {[%clk 00:15:05]} {[%emt 00:00:33]} Rg2+ {[%clk 00:10:20]} {[%emt
00:00:12]} 44. Kc1 {[%clk 00:15:23]} {[%emt 00:00:12]} Rc3 {[%clk 00:10:04]}
{[%emt 00:00:46]} 45. Kb2 {[%clk 00:15:24]} {[%emt 00:00:29]} Rcxc2+ {[%clk
00:10:24]} {[%emt 00:00:10]} 46. Ka3 {[%clk 00:15:19]} {[%emt 00:00:35]} c5
{[%clk 00:10:45]} {[%emt 00:00:09]} 47. b4 {[%clk 00:15:06]} {[%emt 00:00:43]}
Rxc4 {[%clk 00:10:22]} {[%emt 00:00:53]} 48. a5 {[%clk 00:13:49]} {[%emt
00:01:48]} Rxb4 {[%clk 00:10:13]} {[%emt 00:00:39]} 49. a6 {[%clk 00:13:25]}
{[%emt 00:00:54]} Rg3+ {[%clk 00:10:36]} {[%emt 00:00:06]} 50. Ka2 {[%clk
00:13:36]} {[%emt 00:00:19]} bxa6 {[%clk 00:10:38]} {[%emt 00:00:28]} 51. Ka1
{[%clk 00:13:40]} {[%emt 00:00:25]} Rd4 {[%clk 00:11:04]} {[%emt 00:00:05]} 52.
Kb2 {[%clk 00:13:52]} {[%emt 00:00:18]} Rd2+ {[%clk 00:11:18]} {[%emt
00:00:16]} 53. Kc1 {[%clk 00:14:08]} {[%emt 00:00:14]} Rh2 {[%clk 00:11:40]}
{[%emt 00:00:08]} 54. Kb1 {[%clk 00:14:31]} {[%emt 00:00:08]} Rg1# {[%emt
00:00:05]} 0-1

[Event "DEM U16w 2024"]
[Site "Willingen GER"]
[Date "2024.05.19"]
[Round "2"]
[White "Stasaitis, Paulina"]
[Black "Rabe, Elina"]
[Result "1-0"]
[Termination "normal"]
[Board "15"]
[WhiteElo "1692"]
[BlackElo "1551"]
[WhiteClock "01:16:09"]
[BlackClock "01:07:29"]
[PlyCount "47"]
[WhiteFideId "34606165"]
[BlackFideId "34623531"]
[EventCountry "GER"]
[EventRounds "9"]
[EventType "swiss"]
[EventDate "2024.05.18"]

1. e4 {[%clk 01:30:58]} {[%emt 00:00:01]} e5 {[%clk 01:30:56]} {[%emt
00:00:05]} 2. Nf3 {[%clk 01:31:23]} {[%emt 00:00:04]} Nc6 {[%clk 01:31:23]}
{[%emt 00:00:03]} 3. Nc3 {[%clk 01:31:48]} {[%emt 00:00:05]} Nf6 {[%clk
01:31:44]} {[%emt 00:00:10]} 4. Bb5 {[%clk 01:32:12]} {[%emt 00:00:05]} d6
{[%clk 01:31:33]} {[%emt 00:00:40]} 5. d4 {[%clk 01:32:36]} {[%emt 00:00:07]}
Bd7 {[%clk 01:30:57]} {[%emt 00:01:06]} 6. O-O {[%clk 01:30:53]} {[%emt
00:02:12]} Be7 {[%clk 01:27:40]} {[%emt 00:03:47]} 7. d5 {[%clk 01:28:47]}
{[%emt 00:02:37]} Nb8 {[%clk 01:27:35]} {[%emt 00:00:35]} 8. Qd3 {[%clk
01:27:16]} {[%emt 00:02:01]} O-O {[%clk 01:26:56]} {[%emt 00:01:08]} 9. h3
{[%clk 01:25:10]} {[%emt 00:02:36]} c6 {[%clk 01:23:38]} {[%emt 00:03:49]} 10.
dxc6 {[%clk 01:24:21]} {[%emt 00:01:19]} Nxc6 {[%clk 01:24:03]} {[%emt
00:00:05]} 11. Bg5 {[%clk 01:24:29]} {[%emt 00:00:21]} Rc8 {[%clk 01:19:59]}
{[%emt 00:04:35]} 12. Bxf6 {[%clk 01:23:39]} {[%emt 00:01:20]} Bxf6 {[%clk
01:20:25]} {[%emt 00:00:04]} 13. Qxd6 {[%clk 01:22:56]} {[%emt 00:01:13]} Re8
{[%clk 01:19:04]} {[%emt 00:01:51]} 14. Rad1 {[%clk 01:22:16]} {[%emt
00:01:09]} a6 {[%clk 01:13:03]} {[%emt 00:06:32]} 15. Qxd7 {[%clk 01:21:31]}
{[%emt 00:01:15]} axb5 {[%clk 01:13:13]} {[%emt 00:00:20]} 16. Nxb5 {[%clk
01:20:54]} {[%emt 00:01:05]} Qxd7 {[%clk 01:13:18]} {[%emt 00:00:26]} 17. Rxd7
{[%emt 00:00:08]} Re7 {[%clk 01:13:17]} {[%emt 00:00:30]} 18. Rfd1 {[%clk
01:20:10]} {[%emt 00:01:37]} h6 {[%clk 01:10:53]} {[%emt 00:02:54]} 19. Rxe7
{[%clk 01:20:09]} {[%emt 00:00:31]} Nxe7 {[%clk 01:11:07]} {[%emt 00:00:16]}
20. c3 {[%clk 01:19:38]} {[%emt 00:01:01]} Rc4 {[%clk 01:07:39]} {[%emt
00:03:58]} 21. Nd6 {[%clk 01:19:14]} {[%emt 00:00:53]} Rc7 {[%clk 01:07:53]}
{[%emt 00:00:16]} 22. Ne8 {[%clk 01:17:58]} {[%emt 00:01:46]} Rc6 {[%clk
01:07:47]} {[%emt 00:00:37]} 23. Rd7 {[%clk 01:17:47]} {[%emt 00:00:41]} Ng6
{[%clk 01:07:29]} {[%emt 00:00:48]} 24. Rxb7 {[%clk 01:16:09]} {[%emt
00:02:09]} 1-0

[Event "DEM U16w 2024"]
[Site "Willingen GER"]
[Date "2024.05.22"]
[Round "6"]
[White "Lorenz, Veronika"]
[Black "Haug, Mara"]
[Result "1/2-1/2"]
[Termination "normal"]
[Board "1"]
[WhiteElo "1858"]
[BlackElo "1871"]
[WhiteClock "00:00:32"]
[BlackClock "00:01:47"]
[PlyCount "80"]
[WhiteFideId "16277406"]
[BlackFideId "16259300"]
[EventCountry "GER"]
[EventRounds "9"]
[EventType "swiss"]
[EventDate "2024.05.18"]

1. e4 {[%clk 01:30:58]} c5 {[%clk 01:30:53]} {[%emt 00:00:07]} 2. Nf3 {[%clk
01:31:26]} {[%emt 00:00:03]} Nc6 {[%clk 01:31:16]} {[%emt 00:00:07]} 3. d4
{[%clk 01:31:52]} {[%emt 00:00:04]} cxd4 {[%clk 01:31:40]} {[%emt 00:00:06]} 4.
Nxd4 {[%clk 01:32:21]} {[%emt 00:00:01]} g6 {[%clk 01:32:00]} {[%emt 00:00:11]}
5. c4 {[%clk 01:32:47]} {[%emt 00:00:04]} Nf6 {[%clk 01:32:06]} {[%emt
00:00:24]} 6. Nc3 {[%clk 01:33:07]} {[%emt 00:00:09]} d6 {[%clk 01:32:29]}
{[%emt 00:00:06]} 7. Be2 {[%clk 01:33:00]} {[%emt 00:00:38]} Bg7 {[%clk
01:32:50]} {[%emt 00:00:09]} 8. Be3 {[%clk 01:33:26]} {[%emt 00:00:04]} Bd7
{[%clk 01:33:05]} {[%emt 00:00:14]} 9. O-O {[%clk 01:33:49]} {[%emt 00:00:08]}
O-O {[%clk 01:33:22]} {[%emt 00:00:13]} 10. Qd2 {[%clk 01:32:20]} {[%emt
00:01:59]} Nxd4 {[%clk 01:33:44]} {[%emt 00:00:08]} 11. Bxd4 {[%clk 01:32:49]}
{[%emt 00:00:02]} Bc6 {[%clk 01:34:02]} {[%emt 00:00:11]} 12. f3 {[%clk
01:33:17]} {[%emt 00:00:02]} a5 {[%clk 01:34:23]} {[%emt 00:00:09]} 13. b3
{[%clk 01:33:39]} {[%emt 00:00:08]} Nd7 {[%clk 01:34:47]} {[%emt 00:00:05]} 14.
Be3 {[%clk 01:33:57]} {[%emt 00:00:13]} Nc5 {[%clk 01:34:53]} {[%emt 00:00:24]}
15. Rab1 {[%clk 01:33:58]} {[%emt 00:00:29]} Qb6 {[%clk 01:34:48]} {[%emt
00:00:34]} 16. Rfc1 {[%clk 01:25:10]} {[%emt 00:09:19]} Rfc8 {[%clk 01:32:51]}
{[%emt 00:02:26]} 17. Qb2 {[%clk 01:19:22]} {[%emt 00:06:18]} h5 {[%clk
01:28:31]} {[%emt 00:04:50]} 18. a3 {[%clk 01:15:43]} {[%emt 00:04:09]} Qd8
{[%clk 01:28:45]} {[%emt 00:00:16]} 19. Rd1 {[%clk 01:05:33]} {[%emt 00:10:39]}
Qf8 {[%clk 01:24:26]} {[%emt 00:04:49]} 20. Qd2 {[%clk 01:02:38]} {[%emt
00:03:27]} Kh7 {[%clk 01:20:00]} {[%emt 00:04:54]} 21. b4 {[%clk 00:56:53]}
{[%emt 00:06:16]} axb4 {[%clk 01:19:13]} {[%emt 00:01:17]} 22. axb4 {[%clk
00:57:22]} {[%emt 00:00:02]} Na4 {[%clk 01:14:57]} {[%emt 00:04:44]} 23. Nxa4
{[%clk 00:47:57]} {[%emt 00:09:57]} Rxa4 {[%clk 01:10:12]} {[%emt 00:05:16]}
24. c5 {[%clk 00:44:27]} {[%emt 00:03:58]} dxc5 {[%clk 01:08:01]} {[%emt
00:02:42]} 25. Bxc5 {[%clk 00:34:45]} {[%emt 00:10:11]} Be8 {[%clk 00:55:51]}
{[%emt 00:12:39]} 26. Rbc1 {[%clk 00:20:33]} {[%emt 00:14:43]} Raa8 {[%clk
00:50:48]} {[%emt 00:05:32]} 27. Bc4 {[%clk 00:17:15]} {[%emt 00:03:45]} Ba4
{[%clk 00:48:19]} {[%emt 00:03:02]} 28. Rf1 {[%clk 00:16:18]} {[%emt 00:01:27]}
Rd8 {[%clk 00:47:47]} {[%emt 00:01:02]} 29. Qf2 {[%clk 00:16:06]} {[%emt
00:00:42]} Qe8 {[%clk 00:39:27]} {[%emt 00:08:50]} 30. f4 {[%clk 00:13:49]}
{[%emt 00:02:47]} Bb5 {[%clk 00:31:36]} {[%emt 00:08:22]} 31. Bxb5 {[%clk
00:10:13]} {[%emt 00:04:06]} Qxb5 {[%clk 00:31:58]} {[%emt 00:00:07]} 32. e5
{[%clk 00:10:40]} {[%emt 00:00:04]} Rd7 {[%clk 00:28:37]} {[%emt 00:03:51]} 33.
Qh4 {[%clk 00:02:39]} {[%emt 00:08:28]} Ra2 {[%clk 00:22:27]} {[%emt 00:06:41]}
34. Rf2 {[%clk 00:02:22]} {[%emt 00:00:49]} Rxf2 {[%clk 00:21:58]} {[%emt
00:00:59]} 35. Qxf2 {[%clk 00:02:44]} {[%emt 00:00:08]} b6 {[%clk 00:18:05]}
{[%emt 00:04:23]} 36. Bxb6 {[%clk 00:02:36]} {[%emt 00:00:39]} Qxb4 {[%clk
00:18:24]} {[%emt 00:00:10]} 37. Be3 {[%clk 00:01:54]} {[%emt 00:01:11]} Qb3
{[%clk 00:16:08]} {[%emt 00:02:43]} 38. h3 {[%clk 00:00:57]} {[%emt 00:01:31]}
Bh6 {[%clk 00:12:18]} {[%emt 00:04:20]} 39. Re1 {[%clk 00:00:43]} {[%emt
00:00:43]} Rd3 {[%clk 00:05:30]} {[%emt 00:07:18]} 40. Kh2 {[%clk 00:00:32]}
{[%emt 00:00:43]} Rc3 {[%clk 00:01:47]} {[%emt 00:04:12]} 1/2-1/2